banner koha

Flora das cangas da Serra dos Carajás, Pará, Brasil: Convolvulaceae (Registro n. 330953)

MARC details
000 -LÍDER
fixed length control field 02002nab a2200265 i 4500
003 - CÓDIGO MARC DA AGÊNCIA CATALOGADORA
Campo de controle BR-BrBNA
005 - DATA E HORA DA ÚLTIMA ATUALIZAÇÃO
Campo de controle 20250410082706.0
008 - CAMPO DE TAMANHO FIXO
fixed length control field 250410b2016 bl.qr|pooa||| 00| 0 por |
040 ## - FONTE DA CATALOGAÇÃO
Agência catalogadora BR-BrBNA
Idioma da catalogação por
072 ## - CATEGORIA AGRIS
Código AGRIS F70
100 ## - ENTRADA PRINCIPAL - NOME PESSOAL
Nome pessoal Simão-Bianchini, Rosangela
100 ## - ENTRADA PRINCIPAL - NOME PESSOAL
Nome pessoal Vasconcelos, Liziane Vilela
100 ## - ENTRADA PRINCIPAL - NOME PESSOAL
Nome pessoal Pastore, Mayara
245 ## - TÍTULO PRINCIPAL
Título principal Flora das cangas da Serra dos Carajás, Pará, Brasil: Convolvulaceae
500 ## - NOTA GERAL
Nota geral Publicação on-line; 22 ref.; 5 illus.; Summaries (En, Pt)
942 ## - ADDED ENTRY ELEMENTS (KOHA)
Koha item type Analítica
520 ## - NOTA DE RESUMO
Nota de conteúdo <br/><br/>Resumo<br/><br/>O presente trabalho trata do estudo taxonômico das Convolvulaceae ocorrentes nas cangas da Serra dos<br/>Carajás, Pará, Brasil. Foram reconhecidas 17 espécies e oito gêneros (Aniseia, Cuscuta, Evolvulus, Ipomoea, <br/>Jacquemontia, Merremia, Operculina e Turbina). São apresentados chave de identificação, descrições,<br/>ilustrações, fotografias e distribuição geográfica das espécies, além de comentários gerais sobre os táxons.<br/><br/>Palavras-chave: Amazônia, campo rupestre, FLONA Carajás, taxonomia.<br/><br/><br/><br/><br/>Abstract<br/><br/>This work approaches the taxonomic study of Convolvulaceae occuring in cangas of the Serra dos Carajás,<br/>state of Pará, Brazil. Were recognized 17 species and eight genera (Aniseia, Cuscuta, Evolvulus, Ipomoea, <br/>Jacquemontia, Merremia, Operculina, and Turbina). Are presented identification key, descriptions,<br/>illustrations, photographs and geographic distribution of species, as well as general comments about the taxa.<br/><br/>Key words: Amazon, campo rupestre, FLONA Carajás, taxonomy
650 ## - ASSUNTO - THESAGRO
Cabeçalho tópico ou nome geográfico AMAZÔNIA
650 ## - ASSUNTO - THESAGRO
Cabeçalho tópico ou nome geográfico CAMPO
650 ## - ASSUNTO - THESAGRO
Cabeçalho tópico ou nome geográfico CARAJÁS
650 ## - ASSUNTO - THESAGRO
Cabeçalho tópico ou nome geográfico TAXONOMIA
773 0# - ENTRADA ANALÍTICA
Host Biblionumber 709
Registro do item 349694
Imprenta Rio de Janeiro-RJ Jardim Botanico do Rio de Janeiro 1935
Outro identificador 2025-2214
Título Rodriguésia (Brazil)
ISSN 0370-6583; 2175-7860 on-line
Colação v. 67(5 special number) p. 1301-1318; (2016)
Número de controle de registro BR2025000311
856 ## - ACESSO E ENDEREÇO ELETRÔNICO
Identificador uniforme de recurso - URI https://www.scielo.br/j/rod/a/SjXZbJGpZpKThk4mHPWzdYD/?format=pdf&lang=pt

Nenhum exemplar disponível.

BINAGRI

Telefone: (61)3218-2567/2388/3357/2097 - binagri@agro.gov.br

Ministério da Agricultura e Pecuária , Esplanada dos Ministérios, Bloco D, Anexo B, Brasília/DF, CEP: 70.043-900